00709nam a2200229 a 4500001001300000003000900013005001700022008004100039020002300080082001800103100002000121245006800141260003700209300000900246500003500255650001800290700002000308902000800328942000700336952011900343999001700462nice12345678IN_TiNIC20260116014221.0080811s2005 dela grp 000 0 eng  a8183240526 c57500a306.0954bBUR aBurman, J J Roy aGuarat Unknownb Hindu-Muslims Syncretism and Humanistic Forays aDelhibMittal Publication c2005 a212p aincludes index and biblioraphy aCulture-India1 aBurman, J J Roy bSRS cBK 001040708StackRoom-aHMIbHMId2008-08-11g575.00l0o306.0954 BURp022325r2008-08-11v575.00w2008-08-11yBK c14375d14375